00217nam a22000857a 4500082002000000100003700020245004000057260002500097300000900122 a621.38412 MIL'R aMILLER, W. E,SPREADBURY, E. A. W aRADIO CIRCUIT A STEP BY STEP SURVEY aLONDONbILIFFEc1966 a228P